000 00314nam a22001337a 4500
008 181009b xxu||||| |||| 00| 0 eng d
020 _a0195157605
041 _aeng
080 _a316
100 _a50
101 _aSOC
245 _aSexualities Identities, Behaviors, and Society
_cKimmel,M.S
942 _2udc
_cBK
999 _c49239
_d49239